| 000 | 00457nam a22001337a 4500 | ||
|---|---|---|---|
| 082 |
_a500 _bOSW/S |
||
| 100 | _aOSWAAL BOOKS | ||
| 245 |
_aOSWAAL CBSE CCE LABOROTARY MANUAL SCIENCE _bCLASS X |
||
| 260 |
_aAGRA _bOSWAAL BOOKS |
||
| 300 | _a104 | ||
| 520 | _aACTIVITIES/ EXPERIMENTS SPECIFIED IN LATEST CBSE CURRICULUM, PRACTICAL BASED QUESTIONS , GROUP ACTIVITIES & PROJECTS, THEOROTEICAL CONCEPTS | ||
| 650 |
_aSCIENCE LAB MANUALFOR CLASS X _zINDIA |
||
| 942 | _cBK | ||
| 999 |
_c803 _d803 |
||